| 000 | 01040nam a22003497a 4500 | ||
|---|---|---|---|
| 001 | 0000144 | ||
| 003 | KOHA_MİRAKIL | ||
| 005 | 20260207001201.0 | ||
| 007 | ta | ||
| 008 | 081212b2006 tu |||gr||||#0|||0|tur | | ||
| 020 |
_a9756447222 _cYTL15,69 |
||
| 040 |
_aTR-BiSEU _btur _cTR-BiSEU _erda |
||
| 041 | 0 | _atur | |
| 044 | _ctu | ||
| 050 |
_aTK5105.8885 _b.G87 2006 |
||
| 100 | 1 | _aGürkan, Osman. | |
| 245 | 1 |
_aMacromedia Dreamweaver 8/ _cOsman Gürkan ; Osman Gürkan. |
|
| 250 | _a2.bs. | ||
| 264 | 1 |
_aAnkara : _bNirvana Yayınları _c2006 |
|
| 300 | _aXI, 349 sayfa: resimli | ||
| 336 |
_ametin _btxt _2rdacontent |
||
| 337 |
_aaracısız _bn _2rdamedia |
||
| 338 |
_acilt _bnc _2rdacarrier |
||
| 490 | 1 |
_aNirvana Yayınları ; _vyayın no: 22. |
|
| 490 | 1 |
_aBilgi teknolojileri ; _v13 |
|
| 500 | _aDizin var. | ||
| 650 | 0 |
_aWeb tasarım programları--Dreamweaver. _91887 |
|
| 830 | 1 |
_aNirvana Yayınları ; _vyayın no: 22. _91888 |
|
| 830 | 1 |
_aBilgi teknolojileri ; _v13 _91865 |
|
| 907 | _aBilgisayar | ||
| 942 |
_2lcc _cBK |
||
| 999 |
_c145 _d145 |
||